000
00397nam a22001697a 4500
003
MPLRDC
005
20220104123343.0
008
210129b ||||| |||| 00| 0 eng d
082
_a
855 YH
100
_a
彦火著
245
_a
大地驰笔
_c
260
_a
_b
香港文学研究社
_c
300
_b
平
490
_a
海外文丛
650
_a
散文;随笔、日记
942
_c
BK
_o
855 YH
999
_c
10734
_d
10724